Snooker nicknames - Statistics

General Stats
  • This quiz has been taken 961 times
  • The average score is 9 of 15
Answer Stats
Nickanme player % Correct
The Rocket Ronnie O'Sullivan
98%
Jester From Leicester Mark Selby
92%
Thunder From Down Under Neil Robertson
87%
Ace In The Pack Judd Trump
79%
King Of The Crucible Stephen Hendry
78%
The Nugget Steve Davis
74%
Enter The Dragon Ding Junhui
67%
Darlin Of Dublin Ken Doherty
67%
Belgian Bullet Luca Brecel
66%
The Pistol Mark Allen
63%
Ball-Run Stuart Bingham
55%
On Fire Stephen Maguire
35%
The Spaceman Dominic Dale
30%
00-147 Nigel Bond
30%
The Shotgun Jamie Cope
8%
No matching quizzes found
Score Distribution
Percent of People with Each Score
Percentile by Number Answered
Your Score History
You have not taken this quiz